Apollo : the epic journey to the moon / by David ... Read More
Available copies
- 1 of 1 copy available at LARL/NWRL Consortium.
- 1 of 1 copy available at Lake Agassiz Regional Library. (Show preferred library)
Current holds
0 current holds with 1 total copy.
Show Only Available Copies
| Location | Call Number / Copy Notes | Barcode | Shelving Location | Status | Due Date |
|---|---|---|---|---|---|
| Moorhead Public Library | 629.454 Rey (Text) | 33500007205263 | Main | Available | - |
Record details
- ISBN: 0151009643
- Physical Description: 272 p. : ill. (some col.) 26 cm.
- Publisher: New York : Harcourt, 2002.
Content descriptions
| Bibliography, etc. Note: | Includes bibliographical references and index. |
Search for related items by subject
| Subject: | Project Apollo (U.S.) > History. Space flight to the moon |
| LDR | 01078cam a22002658a 4500 | ||
|---|---|---|---|
| 001 | 42588 | ||
| 003 | LARL_NWRL_CONSORTIUM | ||
| 005 | 20011126125303.0 | ||
| 008 | 011119s2002 nyu b 001 0 eng | ||
| 020 | . | ‡a0151009643 | |
| 035 | . | ‡a(OCoLC)48495163 | |
| 035 | 0 | 0. | ‡ilcmarc/BAI-1373/LARLTECH |
| 040 | . | ‡aDLC ‡cDLC | |
| 082 | 0 | 0. | ‡a629.45/4/0973 ‡221 |
| 092 | . | ‡a629.454 ‡bRey | |
| 100 | 1 | . | ‡aReynolds, David West. ‡0(LARL_NWRL_CONSORTIUM)126619 |
| 245 | 1 | 0. | ‡aApollo : ‡bthe epic journey to the moon / ‡cby David West Reynolds ; foreword by Wally Schirra ; introduction by Von Hardesty. |
| 260 | . | ‡aNew York : ‡bHarcourt, ‡c2002. | |
| 300 | . | ‡a272 p. : ‡bill. (some col.) ‡c26 cm. | |
| 504 | . | ‡aIncludes bibliographical references and index. | |
| 610 | 2 | 0. | ‡aProject Apollo (U.S.) ‡xHistory. |
| 650 | 0. | ‡aSpace flight to the moon ‡0(LARL_NWRL_CONSORTIUM)31618 | |
| 901 | . | ‡a42588 ‡bOCLC ‡c42588 ‡tbiblio | |

Add to basket
Permalink
Disable Highlighting